| 000 | 00702nam a2200241Ia 4500 | ||
|---|---|---|---|
| 003 | OSt | ||
| 005 | 20230524160723.0 | ||
| 008 | 210423s2007 xx 000 0 und d | ||
| 020 | _a978-0-521-61266-1 | ||
| 040 | _cAL | ||
| 041 | _aeng | ||
| 082 |
_a820.9 CAML _223 |
||
| 100 |
_aGILLESPIE (Stuart);HARDIE (Philip) Ed _9112912 |
||
| 245 | _aCambridge companion to lucretius | ||
| 260 |
_aNew York _bCambridge University Press _c2007 |
||
| 300 |
_axiv,365 _bHB |
||
| 365 |
_b2300.64 _cUSD |
||
| 440 |
_aCambridge Campanion _9112913 |
||
| 650 |
_aEnglish Criticism _9112914 |
||
| 650 |
_aEnglish Literature _9112915 |
||
| 906 | _aCambridge ; companion ; lucretius ; lucretius. | ||
| 942 |
_2ddc _cBK |
||
| 999 |
_c165476 _d165476 |
||